000 01515 a2200265 4500
999 _c11002
_d11002
020 _a0199247242
050 0 0 _aHD5827.
_bREB 2005
100 1 _aRebick, Marcus
245 1 4 _aThe Japanese employment system :
_badapting to a new economic environment /
_cMarcus Rebick.
264 _a Oxford:
_bOxford University Press,
_c, 2005
300 _axvii, 196 p. :
_bill. ;
336 _2text
_atxt
_brdacontent
337 _2unmediated
_an
_brdamedia
338 _2volume
_anc
_brdacarrier
504 _aIncludes bibliographical references (p. [175]-184) and index.
505 0 _aIntroduction -- The Japanese employment system -- Changes to the employment and treatment of regular employees -- The growth in non-standard employment relations -- Industrial relations -- Rising unemployment and inequality -- Women in the labour market -- Middle-aged and older workers -- The labour market for youth -- The declining labour force and immigration -- Conclusions and prospects.
650 0 _aManpower policy
650 0 _aManpower planning
650 0 _aLabor market
856 4 2 _3Publisher description
_uhttp://www.loc.gov/catdir/enhancements/fy0640/2005281930-d.html
856 4 1 _3Table of contents only
_uhttp://www.loc.gov/catdir/enhancements/fy0640/2005281930-t.html
856 4 2 _3Contributor biographical information
_uhttp://www.loc.gov/catdir/enhancements/fy0726/2005281930-b.html
942 _2lcc
_cBK
_h5827
_iREB
_kHB